| 000 | 00487nam a2200181Ia 4500 | ||
|---|---|---|---|
| 008 | 230718s9999 xx 000 0 und d | ||
| 020 | _a9788126537976 | ||
| 041 | _aeng | ||
| 082 |
_a621.8'15 _bJUV |
||
| 100 |
_aJuvinall R.C. _9143930 |
||
| 245 | _aMachine Component Design | ||
| 250 | _a5th ed. | ||
| 260 |
_c2014 _bWiley |
||
| 300 | _a899 | ||
| 365 |
_cRs. _b899.00 |
||
| 700 |
_aJuvinall R.C. & Marshek K.M. _9189949 |
||
| 906 |
_dO:0510230-May-2016B:2102-May-2016 _cMECH _b970.92 |
||
| 999 |
_c342107 _d342107 |
||